[Event "Norway Chess op-B"]
[Site "Stavanger"]
[Date "2025.05.27"]
[Round "7"]
[White "Ayaan, Arora"]
[Black "Mesar, Antun"]
[Result "1/2-1/2"]
[WhiteElo "1684"]
[BlackElo "1889"]
[PlyCount "43"]
[EventDate "2025.05.27"]
[EventType "swiss"]
[EventRounds "9"]
[EventCountry "NOR"]
[SourceTitle "CB23_2025"]
[SourceDate "2025.06.04"]
[SourceVersion "1"]
[SourceVersionDate "2025.06.04"]
[SourceQuality "1"]

1. e4 c5 2. Nf3 e6 3. d4 cxd4 4. Nxd4 a6 5. Bd3 Bc5 6. Nb3 Be7 7. 0-0 Nc6 8. f4 d6 9. Nc3 Nf6 10. Bd2 b5 11. Qf3 e5 12. Nd5 Bb7 13. c4 bxc4 14. Bxc4 0-0 15. f5 a5 16. a4 Nb4 17. Bxb4 axb4 18. Nxf6+ Bxf6 19. Qd3 Qb6+ 20. Kh1 Rfd8 21. a5 Qc7 22. a6 1/2-1/2

[Event "Norway Chess op-B"]
[Site "Stavanger"]
[Date "2025.05.27"]
[Round "8"]
[White "Kalejta, Arkadiusz"]
[Black "Ayaan, Arora"]
[Result "1/2-1/2"]
[WhiteElo "1760"]
[BlackElo "1684"]
[PlyCount "40"]
[EventDate "2025.05.27"]
[EventType "swiss"]
[EventRounds "9"]
[EventCountry "NOR"]
[SourceTitle "CB23_2025"]
[SourceDate "2025.06.04"]
[SourceVersion "1"]
[SourceVersionDate "2025.06.04"]
[SourceQuality "1"]

1. e4 c6 2. d4 d5 3. e5 c5 4. Nf3 cxd4 5. Qxd4 Nc6 6. Qf4 e6 7. Bd3 Qc7 8. Nc3 a6 9. 0-0 f6 10. Re1 fxe5 11. Nxe5 Nxe5 12. Qxe5 Qxe5 13. Rxe5 Bd6 14. Re1 Nf6 15. Bg5 0-0 16. h3 Bd7 17. a4 Rac8 18. a5 Bb4 19. Bd2 Rfe8 20. f4 Bc5+ 1/2-1/2